000 00618nam a2200181Ia 4500
008 151018s9999 xx 000 0 und d
082 _bRBASDV40806
_a340
100 _aअभया शेलकर
245 _aमुंबई सावकार अधिनियम
250 _b1
260 _bनाशिक लॉ हाऊस
_c2005
300 _a76
600 _aअभया शेलकर
630 _aमुंबई सावकार अधिनियम
700 _aअभया शेलकर
730 _aमुंबई सावकार अधिनियम
942 _cBOOK
999 _c1040080
_d1040077